Asbab da`afa al-ummah al-Islamiyah wa-subul al-nuhud bi-ha min manzur Qur'ani : dirasah mu`asirah /
أسباب ضعف الأمة الاسلامية وسبل النهوض بها من منظور قرآني : دراسة معاصرة /
Saved in:
| Main Author: | |
|---|---|
| Format: | Thesis Book |
| Language: | Arabic |
| Subjects: | |
| Tags: |
Add Tag
No Tags, Be the first to tag this record!
|
| LEADER | 01956cam a2200409 a 4500 | ||
|---|---|---|---|
| 001 | u878877 | ||
| 003 | SIRSI | ||
| 005 | 201304301506 | ||
| 008 | 130430s2013 my a t 000 0 ara m | ||
| 040 | |a UMM |d UMA |e rda | ||
| 066 | |c (3 | ||
| 090 | |a BP42 |b A2 UMP 2013 Suh | ||
| 094 | |a BP42 |b A2 UMP 2013 Suh | ||
| 100 | 1 | |6 880-01 |a Suhayl, Ahmad Qushayri |e author. | |
| 245 | 1 | 0 | |6 880-02 |a Asbab da`afa al-ummah al-Islamiyah wa-subul al-nuhud bi-ha min manzur Qur'ani : |b dirasah mu`asirah / |c Ahmad Qushayri Suhayl. |
| 246 | 1 | 5 | |a Causes of Muslim ummah weakness and the ways of development according to the Quranic perspective : |b a contemporary study |
| 264 | 1 | |c 2013. | |
| 264 | 4 | |c 2013. | |
| 300 | |a xi, 283 [3] leaves : |b illustrations ; |c 30 cm. | ||
| 336 | |a text |2 rdacontent | ||
| 337 | |a unmediated |2 rdamedia | ||
| 338 | |a volume |2 rdacarrier | ||
| 500 | |a Arabic script with English and Malay abstract. | ||
| 502 | |a Thesis (Ph.D) -- Jabatan Al-Quran dan Al-Hadith, Akademi Pengajian Islam, Universiti Malaya, 2013. | ||
| 504 | |a Bibliography: leaves 244-255. | ||
| 630 | 0 | 0 | |a al-Qur'an |x Criticism, interpretation, etc. |
| 630 | 0 | 0 | |a al-Qur'an |x Commentaries. |
| 650 | 0 | |a Ummah (Islam). | |
| 650 | 0 | |a Muslims |x History |y 21st century. | |
| 710 | 2 | |a Universiti Malaya. |b Jabatan Al-Quran dan Al-Hadith. | |
| 880 | 1 | |6 100-01/(3/r |a سهيل, أحمد قشيري. | |
| 880 | 1 | 0 | |6 245-02/(3/r |a أسباب ضعف الأمة الاسلامية وسبل النهوض بها من منظور قرآني : |b دراسة معاصرة / |c أحمد قشيري سهيل. |
| 900 | |a ZA | ||
| 596 | |a 1 12 18 | ||
| 999 | |a BP42 A2 UMP 2013 SUH |w LC |c 1 |i A515604063 |d 26/8/2013 |f 26/8/2013 |g 1 |l STACKS |m P01UTAMA |r Y |s Y |t TESIS |u 26/8/2013 | ||
| 999 | |a BP42 A2 UMP 2013 SUH |w LC |c 1 |i A514695425 |f 28/3/2022 |g 1 |l RESERVES |m P18ISLPURI |r Y |s Y |t TESIS |u 6/10/2013 | ||
| 999 | |a BP42 A2 UMP 2013 SUH |w LC |c 1 |i A515788526 |d 25/2/2014 |f 25/2/2014 |g 1 |l STACKS |m P12ISLAMKL |r Y |s Y |t TESIS |u 25/2/2014 | ||
